ONE TOUCH PREVENTIVE & SOCIAL MEDICINE (Record no. 26844)

MARC details
000 -LEADER
fixed length control field 00360nam a22001577a 4500
003 - CONTROL NUMBER IDENTIFIER
control field SGT
020 ## - INTERNATIONAL STANDARD BOOK NUMBER
International Standard Book Number 978938934525009
082 ## - DEWEY DECIMAL CLASSIFICATION NUMBER
Classification number 614.44
Item number O23S
100 ## - MAIN ENTRY--PERSONAL NAME
Personal name SINGH, MUKHMOHIT
245 ## - TITLE STATEMENT
Title ONE TOUCH PREVENTIVE & SOCIAL MEDICINE
250 ## - EDITION STATEMENT
Edition statement 1ST
260 ## - PUBLICATION, DISTRIBUTION, ETC. (IMPRINT)
Place of publication, distribution, etc INDIA
Name of publisher, distributor, etc CBS PUB
Year of Publication 2023
300 ## - PAGE DESCRIPTION
No. of Pages 120
650 ## - SUBJECT ADDED ENTRY--TOPICAL TERM
Topical term or geographic name as entry element COMMUNITY MEDICINE
942 ## - ADDED ENTRY ELEMENTS (KOHA)
Source of classification or shelving scheme Dewey Decimal Classification
Koha item type Books
Holdings
Withdrawn status Lost status Source of classification or shelving scheme Damaged status Not for loan Collection code Home library Current library Date acquired Vendor Name SGTU Total Checkouts Full call number Accession No. (Barcode) Date last seen Bill Date Koha item type
    Dewey Decimal Classification   Not For Loan MEDICAL SGT Medical Library SGT Medical Library 28/08/2024 COMP SGTU   614.44 O23S FM14434 28/08/2024 28/08/2024 Books